Toughest Athletes - Statistics

General Stats
  • This quiz has been taken 3 times
  • The average score is 14 of 23
Answer Stats
Sport Level Position Team Answer % Correct
Basketball Pro G Timberwolves Anthony Edwards
100%
Football Pro QB Bengals Joe Burrow
100%
Basketball Pro G Hornetts LaMelo Ball
100%
Football College RB Boise St Ashton Jeanty
67%
Basketball Pro G Lakers Austin Reaves
67%
Basketball Pro G Lakers Bronnie James
67%
Basketball College G Arizona Caleb Love
67%
Football College QB Ole Miss Jaxon Dart
67%
Basketball Pro(retired) G Jazz John Stockton
67%
Soccer Pro RW Barcelona Lamine Yamal
67%
Soccer Pro LW Santos FC Neymar Jr.
67%
Basketball College G UNC RJ Davis
67%
Football College WR Arizona Tetairoa McMillan
67%
E- Sports Pro(retired) Streamer Fortnite Tfue
67%
All All Trickshot Dude Perfect Tyler Toney
67%
Football Pro QB Free Agent Aaron Rodgers
33%
Golf Pro 24' Masters LIV Bryson DeChambeau
33%
Soccer Youtube CAM Sidemen Chris MD
33%
E-Sports Pro Streamer Fortnite Clix
33%
Basketball College F Duke Cooper Flagg
33%
Baseball Pro CF Yankees Jazz Chisholm Jr.
33%
Soccer Pro CAM Arsenal Martin Odegaard
33%
Basketball College G Florida Walter Clayton Jr.
33%
No matching quizzes found
Score Distribution
Percent of People with Each Score
Percentile by Number Answered
Your Score History
You have not taken this quiz